British scientific and technical books : a selected list of recommended books published in Great Britain and the Commonwealth in the years 1935-1952.
Guardado en:
| Autor Corporativo: | |
|---|---|
| Formato: | Libro |
| Idioma: | English |
| Publicado: |
London : [New York] :
Published for Aslib by James Clarke ; Hafner Publishing Co.,
1956.
|
| Etiquetas: |
Agregar Etiqueta
Sin Etiquetas, Sea el primero en etiquetar este registro!
|
| LEADER | 00572nam a22001335a 4500 | ||
|---|---|---|---|
| 001 | EEA.libagro002178 | ||
| 005 | 20150707125858.0 | ||
| 008 | 130809s1956####nyu###########000#0#eng#d | ||
| 082 | 0 | 4 | |a 015.42 |
| 110 | 2 | |a Aslib. | |
| 245 | 0 | 0 | |a British scientific and technical books : |b a selected list of recommended books published in Great Britain and the Commonwealth in the years 1935-1952. |
| 260 | |a London : |b Published for Aslib by James Clarke ; |a [New York] : |b Hafner Publishing Co., |c 1956. | ||
| 300 | |a xi, 364 p. ; |c 25 cm. | ||
| 859 | |a AR-BbBCA |b BIB. AGRONOMIA |h B015.42 |i B862 1935-52 |p 1962/0055 | ||
